000 01434cam a2200397 a 4500
001 000010786
005 20250512104303.0
008 000629s2000 sp b 000 0 spa
020 _a8403092067
035 _a(SpBaP)pu 000014436
040 _aDO-SdBNP
_cDLC
_dBNPHU
082 _a500.9
_bE81e
245 0 0 _a¡Esto es imposible! :
_bcientíficos visionarios a quienes nadie creyó, pero que cambiaron el mundo /
_cJavier Gregori (coordinador) ; José Luis Barrera, ... [et al.].
260 _aMadrid :
_bAguilar :
_bGrupo Santillana,
_cc2000.
300 _a320 p. ;
_c24 cm.
504 _aIncluye bibliografías: (p. 317-320).
650 0 _aCIENCIA -
_xHISTORIA
_925748
650 4 _aTecnología
_xHistoria
_926047
650 0 _aCIENCIA
_xASPECTOS SOCIALES
_926048
650 0 _aDivulgación científica
_926049
650 4 _aCientíficos
_926050
650 4 _aCiencia y civilización
_94893
700 1 _aGregori, Javier.
_926051
700 1 _aLuis Barrera, José.
_926052
700 1 _aDíaz, Mario.
_926053
700 1 _aFernández Calvo, Javier.
_926054
700 1 _aGonzalo, Paula.
_926055
700 1 _aGregori, Javier.
_926051
700 1 _aMartínez-Frías, Jesús.
_926056
700 1 _aRodríguez Arriero, Miguel A.
_926057
700 1 _aSabadell, Miguel A.
_926058
700 1 _aSuárez Varela, Arturo.
_926059
700 1 _aZavala, Juan.
_926060
910 _aCatalogación por copia / LC
049 _aBNGR
999 _c10538
_d10538